000 01071cam a22003374a 4500
001 3949
003 FISKH
005 20250828130906.0
008 020624s2003 mnua b b 001 0 eng
010 _a 2002009936
020 _a0756504368 (hardcover)
040 _aDLC
_cDLC
_dDLC
_beng
042 _apcc
_alcac
050 0 0 _aQL668.E2
_bH4125 2003
082 0 0 _a597.8/9
_221
100 1 _aHeinrichs, Ann.
245 1 0 _a Frogs /
_cby Ann Heinrichs.
260 _aMinneapolis :
_bCompass Point Books,
_c2003.
300 _a32 pages :
_bcolor illusstrations ;
_c24 x 29 cm.
490 1 _aNature's friends
504 _aIncludes bibliographical references (p. 31).
505 _aG
520 _aIntroduces the physical characteristics, methods of movement, habitats, feeding habits, life cycles, and different types of frogs.
521 8 _a400
_bLexile estimate
521 8 _aG
_bRaz-Plus
650 0 _aFrogs
_vJuvenile literature.
650 1 _aFrogs.
906 _a7
_bcbc
_corignew
_d1
_eecip
_f20
_gy-gencatlg
942 _2ddc
_cBK
_n0
999 _c3949
_d3949